[Event "1617LLO"]
[Site "Mecklenburg-Vorpommern"]
[Date "2016.12.04"]
[Round "4.5"]
[White "Klinger, Clemens"]
[Black "Klotzsche, Stefan"]
[Result "1/2-1/2"]
[WhiteElo "1566"]
[BlackElo "1753"]
[PlyCount "84"]
[EventDate "2016.11.06"]
[EventType "team-tourn"]
[EventRounds "9"]
[SourceDate "2016.10.16"]
[WhiteTeam "FHSG Stralsund II"]
[BlackTeam "Motor Wolgast"]

1. e4 d6 2. d4 Nf6 3. Nc3 e5 4. dxe5 dxe5 5. Qxd8+ Kxd8 6. Bg5 c6 7. Nf3 Bd6 8.
Bc4 Be6 9. Bxe6 fxe6 10. Bh4 Nbd7 11. O-O-O Ke7 12. Nd2 b5 13. f3 a5 14. a4
Rhb8 15. g4 h6 16. g5 hxg5 17. Bxg5 Nc5 18. axb5 cxb5 19. Rhg1 Rb6 20. Be3 Kf7
21. Rg5 a4 22. f4 Nh7 23. Bxc5 Bxc5 24. Rxe5 Bd6 25. Rxb5 Rxb5 26. Nxb5 Bxf4
27. Rf1 e5 28. Kb1 Nf6 29. Nf3 Ke7 30. h3 Rh8 31. h4 Rc8 32. Nfd4 Nxe4 33. Ka2
Ng3 34. Re1 Kf6 35. Ne2 Rxc2 36. Nxg3 Bxg3 37. Rf1+ Ke6 38. Rh1 Bf2 39. Rh2 Kf5
40. h5 Rd2 41. Rg2 Kf6 42. Nc3 Kf5 1/2-1/2

[Event "1617LLO"]
[Site "Mecklenburg-Vorpommern"]
[Date "2016.12.04"]
[Round "4.6"]
[White "Schellner, Ulf"]
[Black "Boettner, Oliver"]
[Result "0-1"]
[WhiteElo "1630"]
[BlackElo "1412"]
[PlyCount "96"]
[EventDate "2016.11.06"]
[EventType "team-tourn"]
[EventRounds "9"]
[SourceDate "2016.10.16"]
[WhiteTeam "Motor Wolgast"]
[BlackTeam "FHSG Stralsund II"]

1. d4 d5 2. c4 e6 3. Nc3 Nf6 4. Bg5 Be7 5. Nf3 O-O 6. e3 b6 7. cxd5 exd5 8. Bd3
Bb7 9. O-O Nbd7 10. Rc1 Rc8 11. a3 Ne4 12. Bxe7 Qxe7 13. Nb5 a6 14. Na7 Ra8 15.
Nc6 Qf6 16. Qc2 Qd6 17. Nce5 Rac8 18. Nxd7 Qxd7 19. Qe2 b5 20. Qc2 Qd6 21. Nd2
Nxd2 22. Qxd2 c5 23. dxc5 Rxc5 24. Rxc5 Qxc5 25. Rc1 Qd6 26. Bf5 Qe5 27. Bg4
Rd8 28. Rc5 g6 29. Bf3 Qd6 30. Qd4 Rd7 31. g3 Rc7 32. Rxc7 Qxc7 33. Qc3 Qxc3
34. bxc3 Kf8 35. Kf1 Ke7 36. Ke2 Kd6 37. Kd3 Kc5 38. h4 Bc8 39. g4 h6 40. Bd1
g5 41. hxg5 hxg5 42. f4 f6 43. Be2 Be6 44. Bf3 f5 45. fxg5 fxg4 46. Bg2 Bf5+
47. e4 dxe4+ 48. Bxe4 g3 0-1

[Event "1617LLO"]
[Site "Mecklenburg-Vorpommern"]
[Date "2016.12.04"]
[Round "4.7"]
[White "Jabbusch, Burkhard"]
[Black "Zimmermann, Frank"]
[Result "1-0"]
[WhiteElo "1587"]
[BlackElo "1622"]
[PlyCount "55"]
[EventDate "2016.11.06"]
[EventType "team-tourn"]
[EventRounds "9"]
[SourceDate "2016.10.16"]
[WhiteTeam "FHSG Stralsund II"]
[BlackTeam "Motor Wolgast"]

1. f4 d6 2. Nf3 Nc6 3. e3 e5 4. fxe5 Nxe5 5. Be2 Nf6 6. O-O Be7 7. Nc3 O-O 8.
d4 Nxf3+ 9. Bxf3 d5 10. e4 dxe4 11. Nxe4 c6 12. Be3 Nd5 13. Bf2 Be6 14. c4 Nb6
15. b3 f5 16. Nc3 Bf6 17. c5 Nd5 18. Ne2 Qd7 19. Qd2 Rad8 20. Rad1 Rfe8 21. g3
Bf7 22. h4 Re7 23. Nf4 Nxf4 24. Qxf4 Bd5 25. Rd3 Be4 26. Rd2 Qd5 27. Be2 Bh1
28. Bc4 1-0

[Event "1617LLO"]
[Site "Mecklenburg-Vorpommern"]
[Date "2017.01.15"]
[Round "5.1"]
[White "Burwitz, Joerg"]
[Black "Rickmann, Niklas"]
[Result "1/2-1/2"]
[WhiteElo "1753"]
[BlackElo "1711"]
[PlyCount "35"]
[EventDate "2016.11.06"]
[EventType "team-tourn"]
[EventRounds "9"]
[SourceDate "2016.10.16"]
[WhiteTeam "RUGIA Bergen"]
[BlackTeam "FHSG Stralsund II"]

1. d4 g6 2. Nf3 Bg7 3. g3 d6 4. Bg2 Nf6 5. O-O O-O 6. c4 Nbd7 7. Nc3 c6 8. Bg5
h6 9. Bxf6 Nxf6 10. Qd2 Kh7 11. Rfe1 Qc7 12. e4 e5 13. dxe5 dxe5 14. Rad1 Be6
15. b3 Rad8 16. Qc2 Ng8 17. Rxd8 Rxd8 18. Rd1 1/2-1/2

[Event "1617LLO"]
[Site "Mecklenburg-Vorpommern"]
[Date "2017.01.15"]
[Round "5.2"]
[White "Manke, Karsten"]
[Black "Pawlick, Helmut"]
[Result "0-1"]
[WhiteElo "1746"]
[BlackElo "1830"]
[PlyCount "72"]
[EventDate "2016.11.06"]
[EventType "team-tourn"]
[EventRounds "9"]
[SourceDate "2016.10.16"]
[WhiteTeam "FHSG Stralsund II"]
[BlackTeam "RUGIA Bergen"]

1. e4 d6 2. d4 Nf6 3. Bd3 g6 4. Nf3 Bg7 5. h3 O-O 6. Be3 c6 7. O-O Nbd7 8. Qd2
Re8 9. c4 e5 10. Nc3 exd4 11. Bxd4 Ne5 12. Nxe5 dxe5 13. Be3 Be6 14. Rad1 Qc7
15. Be2 Rad8 16. Qc2 b6 17. f4 Rxd1 18. Qxd1 Rd8 19. Qe1 exf4 20. Bxf4 Qe7 21.
Qh4 Re8 22. Bg5 Qc5+ 23. Kh1 Nd7 24. Rd1 Ne5 25. Bf6 Bxf6 26. Qxf6 Nxc4 27.
Bxc4 Qxc4 28. e5 Bd5 29. Qd6 Be6 30. Rd4 Qf1+ 31. Kh2 c5 32. Ra4 Bxh3 33. gxh3
Qf2+ 34. Kh1 Qe1+ 35. Kh2 Rxe5 36. Rg4 Qf2+ 0-1

[Event "1617LLO"]
[Site "Mecklenburg-Vorpommern"]
[Date "2017.01.15"]
[Round "5.3"]
[White "Pawlowicz, Karsten"]
[Black "Vietinghoff, Klaus"]
[Result "1/2-1/2"]
[WhiteElo "1631"]
[BlackElo "1707"]
[PlyCount "85"]
[EventDate "2016.11.06"]
[EventType "team-tourn"]
[EventRounds "9"]
[SourceDate "2016.10.16"]
[WhiteTeam "RUGIA Bergen"]
[BlackTeam "FHSG Stralsund II"]

1. e4 d6 2. d4 g6 3. Bc4 Bg7 4. Be3 Nf6 5. h3 Nxe4 6. Qf3 d5 7. Bd3 Nf6 8. g4
Nc6 9. Ne2 O-O 10. c3 e5 11. Qg3 exd4 12. Nxd4 Nxd4 13. Bxd4 Re8+ 14. Kf1 Ne4
15. Bxe4 Bxd4 16. Bf3 Be5 17. Qg2 Bf4 18. Na3 d4 19. Bxb7 Bxb7 20. Qxb7 dxc3
21. bxc3 Qd3+ 22. Kg2 Qxc3 23. Qf3 Be5 24. Rab1 Qxf3+ 25. Kxf3 Rab8 26. Rxb8
Rxb8 27. Rb1 Rxb1 28. Nxb1 c6 29. Ke4 f6 30. Nd2 Kf7 31. Nc4 Bc7 32. f4 Ke7 33.
f5 g5 34. a4 Kd7 35. Kd4 Bb6+ 36. Ke4 Bg1 37. Kd3 h6 38. Ke4 Bc5 39. Nd2 Bb4
40. Nc4 Bd6 41. Kd4 Bh2 42. Nd2 Be5+ 43. Kc4 1/2-1/2

[Event "1617LLO"]
[Site "Mecklenburg-Vorpommern"]
[Date "2017.01.15"]
[Round "5.4"]
[White "Vlach, Michael"]
[Black "Tabbert, Dirk"]
[Result "0-1"]
[WhiteElo "1583"]
[BlackElo "1642"]
[PlyCount "72"]
[EventDate "2016.11.06"]
[EventType "team-tourn"]
[EventRounds "9"]
[SourceDate "2016.10.16"]
[WhiteTeam "FHSG Stralsund II"]
[BlackTeam "RUGIA Bergen"]

1. Nf3 f5 2. c4 Nf6 3. Nc3 e6 4. a3 Be7 5. d4 O-O 6. Bg5 Nc6 7. e3 d6 8. Be2
Bd7 9. O-O a6 10. Qc2 Qe8 11. Rad1 Nd8 12. e4 fxe4 13. Nxe4 h6 14. Nxf6+ Bxf6
15. Bxf6 Rxf6 16. b4 Ba4 17. Qe4 Bxd1 18. Rxd1 Qg6 19. Qe3 Nc6 20. Nd2 Raf8 21.
Rf1 e5 22. Ne4 Rf4 23. Bd3 exd4 24. Qe2 Ne5 25. Nc5 Nxd3 26. Nxd3 Re4 27. Qd2
Rfe8 28. Qd1 b6 29. Qa4 Rg4 30. Qc6 Qe4 31. Qxe4 Rgxe4 32. g3 c5 33. bxc5 dxc5
34. Rb1 R8e6 35. a4 Re2 36. Nf4 Re1+ 0-1

[Event "1617LLO"]
[Site "Mecklenburg-Vorpommern"]
[Date "2017.01.15"]
[Round "5.5"]
[White "Scheel, Manfred"]
[Black "Klinger, Clemens"]
[Result "1/2-1/2"]
[WhiteElo "1676"]
[BlackElo "1566"]
[PlyCount "24"]
[EventDate "2016.11.06"]
[EventType "team-tourn"]
[EventRounds "9"]
[SourceDate "2016.10.16"]
[WhiteTeam "RUGIA Bergen"]
[BlackTeam "FHSG Stralsund II"]

1. e4 c5 2. Nf3 a6 3. c3 Nf6 4. e5 Nd5 5. Ng5 e6 6. Ne4 d6 7. exd6 Bxd6 8.
Nxd6+ Qxd6 9. d4 cxd4 10. Qxd4 O-O 11. c4 Nc6 12. Qd1 Qe5+ 1/2-1/2

[Event "1617LLO"]
[Site "Mecklenburg-Vorpommern"]
[Date "2017.01.15"]
[Round "5.6"]
[White "Boettner, Oliver"]
[Black "Behrens, Christoph"]
[Result "0-1"]
[WhiteElo "1412"]
[BlackElo "1583"]
[PlyCount "50"]
[EventDate "2016.11.06"]
[EventType "team-tourn"]
[EventRounds "9"]
[SourceDate "2016.10.16"]
[WhiteTeam "FHSG Stralsund II"]
[BlackTeam "RUGIA Bergen"]

1. e4 e5 2. d4 exd4 3. c3 Qe7 4. Qxd4 Nc6 5. Qd3 h6 6. Bf4 d6 7. Nd2 Nf6 8.
O-O-O g5 9. Bg3 Be6 10. Qb5 O-O-O 11. Qa4 Nd7 12. Ngf3 Nb6 13. Qc2 Bg7 14. Nb3
Bxb3 15. Qxb3 Be5 16. Nxe5 Nxe5 17. Bxe5 dxe5 18. Bc4 f6 19. Be6+ Kb8 20. Bf5
a6 21. h4 Qc5 22. hxg5 fxg5 23. Rxd8+ Rxd8 24. Rxh6 Qxf2 25. Qc2 Qe1+ 0-1

[Event "1617LLO"]
[Site "Mecklenburg-Vorpommern"]
[Date "2017.01.15"]
[Round "5.7"]
[White "Jepp, Wolfgang"]
[Black "Jabbusch, Burkhard"]
[Result "0-1"]
[WhiteElo "1501"]
[BlackElo "1587"]
[PlyCount "65"]
[EventDate "2016.11.06"]
[EventType "team-tourn"]
[EventRounds "9"]
[SourceDate "2016.10.16"]
[WhiteTeam "RUGIA Bergen"]
[BlackTeam "FHSG Stralsund II"]

1. e4 c5 2. Nf3 Nc6 3. Bc4 e6 4. Nc3 d6 5. O-O Be7 6. d4 cxd4 7. Nxd4 Nf6 8.
Nf3 O-O 9. Qe2 e5 10. h3 a6 11. a4 h6 12. Rd1 Be6 13. Nd5 Bxd5 14. Bxd5 Qc7 15.
c3 Nxd5 16. Rxd5 f5 17. Bd2 Na5 18. Be1 fxe4 19. Qxe4 Rf4 20. Qe2 Raf8 21. b4
Nc4 22. Rc1 e4 23. Nd4 Qc8 24. Rh5 Bg5 25. Rxg5 hxg5 26. Qh5 Ne5 27. Qxg5 Nd3
28. Qd5+ R8f7 29. Rd1 Nxe1 30. Rxe1 Rxf2 31. Ne6 Qxc3 32. Rd1 Qg3 33. Qg5 0-1

[Event "1617LLO"]
[Site "Mecklenburg-Vorpommern"]
[Date "2017.01.15"]
[Round "5.1"]
[White "Lange, Jannis"]
[Black "Luethke, Hans Eckart"]
[Result "0-1"]
[WhiteElo "1778"]
[BlackElo "2099"]
[PlyCount "114"]
[EventDate "2016.11.06"]
[EventType "team-tourn"]
[EventRounds "9"]
[SourceDate "2016.10.16"]
[WhiteTeam "Motor Wolgast"]
[BlackTeam "SSC Graal-Mueritz"]

1. Nf3 d5 2. g3 Nf6 3. Bg2 e6 4. O-O Be7 5. d3 O-O 6. Nbd2 b6 7. e4 Bb7 8. e5
Nfd7 9. Re1 c5 10. Nf1 Nc6 11. h4 d4 12. N3h2 Qc7 13. Bf4 Nb4 14. Ng4 Nd5 15.
h5 Nxf4 16. gxf4 f5 17. Ngh2 h6 18. Nd2 Bxg2 19. Kxg2 b5 20. Rg1 Qb7+ 21. Kh3
Nb6 22. Rg6 Kf7 23. Qg1 Rg8 24. Qg3 Nd5 25. Rg1 Bf8 26. Rxh6 Nxf4+ 27. Qxf4
gxh6 28. Rxg8 Kxg8 29. Nhf3 Kh7 30. Nh4 Be7 31. Ng6 Bg5 32. Qg3 Rg8 33. f4 Bd8
34. Nf3 Rg7 35. Qf2 Kg8 36. Kg3 Qd5 37. a3 a5 38. Kh2 a4 39. Kg3 Bb6 40. Kh2
Kf7 41. Qh4 Bd8 42. Qf2 Ke8 43. Nd2 Kd7 44. Qe2 Kc8 45. Qf3 Qxf3 46. Nxf3 Kd7
47. Kg2 Ke8 48. Kf2 Bb6 49. Nd2 Rc7 50. b3 Ba5 51. Nf3 axb3 52. cxb3 Bc3 53.
Ke2 Ra7 54. b4 cxb4 55. axb4 Ra2+ 56. Kd1 Rf2 57. Ng5 hxg5 0-1

[Event "1617LLO"]
[Site "Mecklenburg-Vorpommern"]
[Date "2017.01.15"]
[Round "5.2"]
[White "Van Bentum, Horst"]
[Black "Tarasow, Alexey"]
[Result "1/2-1/2"]
[WhiteElo "1945"]
[BlackElo "1861"]
[PlyCount "66"]
[EventDate "2016.11.06"]
[EventType "team-tourn"]
[EventRounds "9"]
[SourceDate "2016.10.16"]
[WhiteTeam "SSC Graal-Mueritz"]
[BlackTeam "Motor Wolgast"]

1. e4 c5 2. Nf3 Nc6 3. Bb5 Nf6 4. e5 Nd5 5. Nc3 Nc7 6. Bxc6 dxc6 7. d3 g6 8.
O-O Bg7 9. Re1 Ne6 10. h3 O-O 11. a4 b6 12. Bd2 c4 13. dxc4 Qc7 14. Qe2 Ba6 15.
Rad1 Rfd8 16. Bc1 h6 17. Rxd8+ Rxd8 18. Rd1 Rxd1+ 19. Nxd1 Qd7 20. Qd3 Qc7 21.
b3 Kh7 22. Bb2 Nc5 23. Qd2 b5 24. Ba3 Ne6 25. axb5 cxb5 26. cxb5 Bxb5 27. Bb2
Bc6 28. Nd4 Nxd4 29. Qxd4 Qb7 30. Ne3 h5 31. Qc4 e6 32. Bd4 Bh6 33. f3 Bf4
1/2-1/2

[Event "1617LLO"]
[Site "Mecklenburg-Vorpommern"]
[Date "2017.01.15"]
[Round "5.3"]
[White "Reinke, Thomas"]
[Black "Laser, Dirk"]
[Result "1/2-1/2"]
[WhiteElo "1876"]
[BlackElo "1805"]
[PlyCount "56"]
[EventDate "2016.11.06"]
[EventType "team-tourn"]
[EventRounds "9"]
[SourceDate "2016.10.16"]
[WhiteTeam "Motor Wolgast"]
[BlackTeam "SSC Graal-Mueritz"]

1. e4 c5 2. Nc3 Nc6 3. g3 g6 4. Bg2 Bg7 5. d3 d6 6. f4 e6 7. Nf3 Nge7 8. O-O
O-O 9. Be3 Nd4 10. Rb1 Rb8 11. Ne2 Nxf3+ 12. Bxf3 Qa5 13. a3 Bd7 14. Qd2 Qxd2
15. Bxd2 Nc6 16. c3 b5 17. Be3 Rfc8 18. e5 dxe5 19. Bxc5 exf4 20. Bd6 fxg3 21.
Bxb8 Rxb8 22. hxg3 Ne5 23. Bg2 a5 24. Bf3 Bh6 25. Rbd1 b4 26. axb4 axb4 27. Nd4
bxc3 28. bxc3 Rc8 1/2-1/2

[Event "1617LLO"]
[Site "Mecklenburg-Vorpommern"]
[Date "2017.01.15"]
[Round "5.4"]
[White "Lechnauer, Uwe"]
[Black "Rosin, Ralf"]
[Result "1-0"]
[WhiteElo "1765"]
[BlackElo "1755"]
[PlyCount "123"]
[EventDate "2016.11.06"]
[EventType "team-tourn"]
[EventRounds "9"]
[SourceDate "2016.10.16"]
[WhiteTeam "SSC Graal-Mueritz"]
[BlackTeam "Motor Wolgast"]

1. e4 e6 2. d4 d5 3. Nc3 Bb4 4. Bd3 dxe4 5. Bxe4 Nf6 6. Bf3 c5 7. Be3 cxd4 8.
Qxd4 Qxd4 9. Bxd4 Nc6 10. Bxc6+ bxc6 11. Nge2 c5 12. Be3 Nd5 13. Bd2 Bb7 14.
Ne4 O-O 15. c3 Ba5 16. Nxc5 Bc6 17. Nd4 Rac8 18. Nxc6 Rxc6 19. Ne4 f5 20. Ng3
Rb8 21. b4 Bc7 22. Ne2 Be5 23. Rc1 Rbc8 24. Kd1 Ra6 25. c4 Nf6 26. Rc2 Ne4 27.
Be3 Ra3 28. Kc1 Nc3 29. Nxc3 Bxc3 30. Rd1 Bxb4 31. Rd7 Bc5 32. Bxc5 Rxc5 33.
Kb2 Rca5 34. Kb1 Rc5 35. Rb2 h5 36. Rbb7 Rxc4 37. Rxg7+ Kf8 38. Rh7 Kg8 39.
Rhe7 Kf8 40. Rxe6 Rac3 41. Rh6 Rc1+ 42. Kb2 R4c2+ 43. Ka3 Kg8 44. Rg6+ Kf8 45.
Rf6+ Ke8 46. Rxf5 Ra1 47. Rb2 Rc6 48. Re2+ Kd8 49. Rf8+ Kc7 50. Rf7+ Kb6 51.
Rb2+ Ka6 52. Rbb7 Rac1 53. Rxa7+ Kb6 54. Rfb7+ Kc5 55. Ra5+ Kd4 56. Rxh5 R1c2
57. Rb4+ Kc3 58. Rh3+ Kd2 59. Kb3 Kc1 60. a4 Rb2+ 61. Ka3 Rxf2 62. Rhb3 1-0

[Event "1617LLO"]
[Site "Mecklenburg-Vorpommern"]
[Date "2017.01.15"]
[Round "5.5"]
[White "Klotzsche, Stefan"]
[Black "Schumann, Lutz"]
[Result "0-1"]
[WhiteElo "1753"]
[BlackElo "1764"]
[PlyCount "88"]
[EventDate "2016.11.06"]
[EventType "team-tourn"]
[EventRounds "9"]
[SourceDate "2016.10.16"]
[WhiteTeam "Motor Wolgast"]
[BlackTeam "SSC Graal-Mueritz"]

1. Nf3 Nf6 2. g3 g6 3. Bg2 Bg7 4. O-O c5 5. c4 Nc6 6. Nc3 O-O 7. e3 d6 8. Rb1
Bf5 9. d3 Qd7 10. a3 Bh3 11. b4 Bxg2 12. Kxg2 Rad8 13. Qc2 b6 14. h3 cxb4 15.
axb4 d5 16. Ba3 Rfe8 17. b5 Na5 18. c5 bxc5 19. Bxc5 e5 20. Rb4 Rc8 21. d4 Ne4
22. Nxe4 dxe4 23. Nxe5 Bxe5 24. dxe5 Nb7 25. Rd1 Qe6 26. Rc4 Rc7 27. Rc1 Rec8
28. Rc3 Rxc5 29. Rxc5 Rxc5 30. Qb2 Qxe5 31. Qxe5 Rxe5 32. Rc8+ Kg7 33. Ra8 Rxb5
34. Rxa7 Rb2 35. Ra8 Nc5 36. Re8 f5 37. Re7+ Kf6 38. Rxh7 Nd3 39. Ra7 Rxf2+ 40.
Kg1 Rf3 41. Ra6+ Kg5 42. h4+ Kh5 43. Kg2 Rxe3 44. Ra8 Kg4 0-1

[Event "1617LLO"]
[Site "Mecklenburg-Vorpommern"]
[Date "2017.01.15"]
[Round "5.6"]
[White "Schulz, Wolf Detlef"]
[Black "Schubert, Volker"]
[Result "1/2-1/2"]
[WhiteElo "1723"]
[BlackElo "1897"]
[PlyCount "27"]
[EventDate "2016.11.06"]
[EventType "team-tourn"]
[EventRounds "9"]
[SourceDate "2016.10.16"]
[WhiteTeam "SSC Graal-Mueritz"]
[BlackTeam "Motor Wolgast"]

1. e4 c5 2. Nc3 Nc6 3. f4 g6 4. Nf3 Bg7 5. Bc4 e6 6. O-O Nge7 7. Qe1 O-O 8. Qh4
d5 9. Be2 Nd4 10. Bd1 Nec6 11. Qe1 b5 12. d3 Bb7 13. e5 a6 14. Ne2 1/2-1/2

[Event "1617LLO"]
[Site "Mecklenburg-Vorpommern"]
[Date "2017.01.15"]
[Round "5.7"]
[White "Schellner, Ulf"]
[Black "Poppe, Thomas"]
[Result "1-0"]
[WhiteElo "1630"]
[BlackElo "1708"]
[PlyCount "109"]
[EventDate "2016.11.06"]
[EventType "team-tourn"]
[EventRounds "9"]
[SourceDate "2016.10.16"]
[WhiteTeam "Motor Wolgast"]
[BlackTeam "SSC Graal-Mueritz"]

1. d4 d5 2. c4 e6 3. Nc3 Nf6 4. Bg5 Nbd7 5. Nf3 c6 6. e3 Bb4 7. Qc2 Qa5 8. Bxf6
Nxf6 9. Nd2 dxc4 10. Nxc4 Bxc3+ 11. bxc3 Qc7 12. Bd3 b6 13. Ne5 Bb7 14. O-O O-O
15. Rac1 Rfd8 16. f4 c5 17. Qe2 Ne4 18. Bc4 Nd6 19. Bd3 f6 20. Nf3 c4 21. Bb1
b5 22. e4 Nc8 23. e5 f5 24. Ng5 Qc6 25. Nf3 Ne7 26. Bc2 Nd5 27. Qd2 Rac8 28.
Ne1 h6 29. Bd1 Kf7 30. Bf3 Rg8 31. Bxd5 Qxd5 32. Nf3 a5 33. Rb1 Ba6 34. Rf2 Qd7
35. Qc1 Qe7 36. Ne1 Rb8 37. Nc2 g5 38. Qd1 g4 39. Rd2 Qh4 40. d5 Rbd8 41. dxe6+
Kg6 42. Rd6 Kh5 43. Qe2 Bb7 44. Nd4 Be4 45. Rxb5 Bd3 46. Qf2 g3 47. hxg3 Rxg3
48. Nf3 Qh3 49. Rxd8 Be4 50. Ne1 Qh4 51. Rbb8 Bxg2 52. Nxg2 Rxg2+ 53. Kxg2 Qg4+
54. Kf1 Qh3+ 55. Ke2 1-0

[Event "1617LLO"]
[Site "Mecklenburg-Vorpommern"]
[Date "2017.01.15"]
[Round "5.8"]
[White "Micheel, Peter"]
[Black "Zimmermann, Frank"]
[Result "1-0"]
[WhiteElo "1697"]
[BlackElo "1622"]
[PlyCount "61"]
[EventDate "2016.11.06"]
[EventType "team-tourn"]
[EventRounds "9"]
[SourceDate "2016.10.16"]
[WhiteTeam "SSC Graal-Mueritz"]
[BlackTeam "Motor Wolgast"]

1. e4 e5 2. Nf3 Nc6 3. Bb5 a6 4. Bxc6 dxc6 5. O-O Bd6 6. d4 Bg4 7. dxe5 Bxf3 8.
Qxf3 Bxe5 9. c3 Ne7 10. Rd1 Qc8 11. Nd2 Qe6 12. Nb3 O-O 13. Nc5 Qc8 14. Nd7 Ng6
15. Nxf8 Qxf8 16. Be3 Qe7 17. Rd2 Bd6 18. Rad1 Re8 19. h3 Nh4 20. Qg4 Qxe4 21.
Qxe4 Rxe4 22. Rd4 Rxd4 23. Rxd4 Nf5 24. Re4 Nxe3 25. Re8+ Bf8 26. fxe3 f6 27.
Rc8 b6 28. Rxc7 Bc5 29. Kf2 f5 30. Kf3 f4 31. exf4 1-0

[Event "1617LLO"]
[Site "Mecklenburg-Vorpommern"]
[Date "2017.01.15"]
[Round "5.1"]
[White "Stork, Michael"]
[Black "Moeller, Peter"]
[Result "0-1"]
[WhiteElo "2021"]
[BlackElo "1962"]
[PlyCount "120"]
[EventDate "2016.11.06"]
[EventType "team-tourn"]
[EventRounds "9"]
[SourceDate "2016.10.16"]
[WhiteTeam "Waren/Malchow"]
[BlackTeam "HSG Uni Rostock"]

1. Nf3 g6 2. d4 Bg7 3. e4 d6 4. c3 Nd7 5. Bc4 e6 6. O-O Ne7 7. Re1 O-O 8. Nbd2
c6 9. Nf1 d5 10. Bd3 dxe4 11. Bxe4 Qc7 12. Bg5 Nf6 13. Bd3 h6 14. Bh4 Nf5 15.
Bxf5 exf5 16. Bxf6 Bxf6 17. Ng3 Be6 18. Qd2 Kg7 19. b3 Rad8 20. Rad1 c5 21. Qb2
Rd7 22. Re2 Rfd8 23. Red2 Bd5 24. Ne1 cxd4 25. cxd4 Bc6 26. Ne2 Qd6 27. Nc2 f4
28. f3 Bb5 29. a4 Ba6 30. b4 Bxe2 31. Rxe2 Qa6 32. Re4 Qxa4 33. Rxf4 Rc8 34.
Ne3 Bg5 35. Ra1 Qxa1+ 36. Qxa1 Bxf4 37. Kf2 Re8 38. Ng4 Rd5 39. Qxa7 Re7 40.
Qa2 Red7 41. g3 h5 42. gxf4 hxg4 43. fxg4 Rxd4 44. Qb2 Kg8 45. Ke3 Rd1 46. Qc3
Re7+ 47. Kf3 Rf1+ 48. Kg3 Re4 49. Qd2 Rb1 50. Qd8+ Kg7 51. g5 Rbxb4 52. Qf6+
Kg8 53. f5 Rb3+ 54. Kg2 Rg4+ 55. Kf2 Rf4+ 56. Ke2 Rxf5 57. Qd8+ Kh7 58. Qd2 Rh3
59. Ke1 b5 60. Qg2 Rh5 0-1

[Event "1617LLO"]
[Site "Mecklenburg-Vorpommern"]
[Date "2017.01.15"]
[Round "5.3"]
[White "Arning, Norbert"]
[Black "Schwetlick, Thomas"]
[Result "1/2-1/2"]
[WhiteElo "1939"]
[BlackElo "1830"]
[PlyCount "83"]
[EventDate "2016.11.06"]
[EventType "team-tourn"]
[EventRounds "9"]
[SourceDate "2016.10.16"]
[WhiteTeam "Waren/Malchow"]
[BlackTeam "HSG Uni Rostock"]

1. e4 e5 2. Nf3 Nc6 3. Bc4 Nf6 4. d3 Be7 5. O-O O-O 6. Nc3 d6 7. h3 Na5 8. Bb3
Nxb3 9. axb3 Re8 10. d4 exd4 11. Nxd4 Bf8 12. Re1 Bd7 13. Bg5 h6 14. Bh4 g5 15.
Bg3 a6 16. Qf3 Nh7 17. Rad1 Bg7 18. Nf5 Bxf5 19. exf5 Qd7 20. Bh2 Rxe1+ 21.
Rxe1 Re8 22. Rd1 Qc6 23. Qxc6 bxc6 24. Kf1 Be5 25. Bxe5 Rxe5 26. g4 Nf6 27. Ra1
a5 28. Kg2 Nd5 29. Nxd5 Rxd5 30. Ra4 Kg7 31. Rc4 c5 32. Kf3 Kf6 33. Ke2 Re5+
34. Kd2 Re8 35. f3 c6 36. Ra4 Ra8 37. Rc4 Ra7 38. Kd3 Rb7 39. Ra4 Ra7 40. Rc4
Rb7 41. Ra4 Ra7 42. Rc4 1/2-1/2

[Event "1617LLO"]
[Site "Mecklenburg-Vorpommern"]
[Date "2017.01.15"]
[Round "5.4"]
[White "Ivanov, Sergey V"]
[Black "Schmidt, Joerg"]
[Result "1/2-1/2"]
[WhiteElo "1735"]
[BlackElo "1878"]
[PlyCount "118"]
[EventDate "2016.11.06"]
[EventType "team-tourn"]
[EventRounds "9"]
[SourceDate "2016.10.16"]
[WhiteTeam "HSG Uni Rostock"]
[BlackTeam "Waren/Malchow"]

1. c4 g6 2. Nc3 Bg7 3. g3 d6 4. Bg2 e5 5. d3 f5 6. e3 Nc6 7. Nge2 Nf6 8. O-O
Be6 9. Rb1 Qd7 10. b4 d5 11. b5 Ne7 12. c5 c6 13. a4 O-O 14. Qc2 h6 15. f4 Nh7
16. Bb2 g5 17. Nd1 Ng6 18. fxe5 Nxe5 19. Nd4 Rae8 20. Nxe6 Qxe6 21. e4 fxe4 22.
Rxf8+ Rxf8 23. dxe4 Nf3+ 24. Bxf3 Rxf3 25. Bxg7 Kxg7 26. Nf2 Nf6 27. bxc6 Qxc6
28. exd5 Qxd5 29. Rd1 Qe5 30. Kg2 Rc3 31. Qb1 Qc7 32. Rc1 Qc6+ 33. Kg1 Rxc1+
34. Qxc1 Qxa4 35. Qb2 Qc6 36. Qa3 a6 37. Kf1 Nd7 38. Qc3+ Kf7 39. Qc4+ Ke7 40.
Ne4 Qb5 41. Qxb5 axb5 42. Ke2 Ke6 43. Nd6 Nxc5 44. Nxb5 Ke5 45. Ke3 Ne4 46. Nd4
Nd6 47. Nb3 Kd5 48. Kf3 Nf5 49. Nd2 h5 50. Ne4 Nd4+ 51. Ke3 g4 52. Nf6+ Kc4 53.
Nxh5 Nf3 54. h3 Ne5 55. hxg4 Nxg4+ 56. Kd2 Kb3 57. Nf4 Nf6 58. Ne6 Kb2 59. Kd3
b5 1/2-1/2

[Event "1617LLO"]
[Site "Mecklenburg-Vorpommern"]
[Date "2017.01.15"]
[Round "5.5"]
[White "Hertel Mach, Frank"]
[Black "Sager, Bernd"]
[Result "0-1"]
[WhiteElo "1807"]
[BlackElo "1795"]
[PlyCount "98"]
[EventDate "2016.11.06"]
[EventType "team-tourn"]
[EventRounds "9"]
[SourceDate "2016.10.16"]
[WhiteTeam "Waren/Malchow"]
[BlackTeam "HSG Uni Rostock"]

1. f4 d5 2. Nf3 Nf6 3. e3 e6 4. Be2 Be7 5. O-O O-O 6. b3 c5 7. d3 Nc6 8. Bb2 b6
9. Ne5 Bb7 10. Nd2 Qc7 11. Ng4 Ne8 12. Nf3 f6 13. Qe1 Nd6 14. Rc1 Rad8 15. c4
dxc4 16. bxc4 Nf5 17. Qd2 Rd7 18. Nf2 Rfd8 19. g4 Nd6 20. Qe1 Ne8 21. Bc3 Bf8
22. Rd1 Qb8 23. Nh3 Bd6 24. Qh4 Nb4 25. Bxb4 cxb4 26. d4 Be7 27. Qe1 Qc7 28.
Nd2 a5 29. Rc1 Qb8 30. Qd1 Qa8 31. Bf3 Qb8 32. Qc2 Bxf3 33. Nxf3 Qb7 34. Kf2
Nd6 35. Nd2 Rc7 36. Qb3 Ne4+ 37. Nxe4 Qxe4 38. Kg3 Kh8 39. Nf2 Qg6 40. Qd3 f5
41. h4 Rdc8 42. g5 Qe8 43. Rc2 Qa4 44. Rfc1 Qd7 45. Nd1 a4 46. e4 b5 47. cxb5
Rxc2 48. Rxc2 Rd8 49. Rd2 g6 0-1

[Event "1617LLO"]
[Site "Mecklenburg-Vorpommern"]
[Date "2017.01.15"]
[Round "5.6"]
[White "Hantel, Thomas"]
[Black "Kuehn, Peter"]
[Result "0-1"]
[WhiteElo "1648"]
[BlackElo "1793"]
[PlyCount "150"]
[EventDate "2016.11.06"]
[EventType "team-tourn"]
[EventRounds "9"]
[SourceDate "2016.10.16"]
[WhiteTeam "HSG Uni Rostock"]
[BlackTeam "Waren/Malchow"]

1. d4 f5 2. c4 Nf6 3. Nc3 g6 4. Nf3 Bg7 5. g3 O-O 6. Bg2 d6 7. O-O c6 8. Qb3
Na6 9. Rd1 Qe8 10. c5+ d5 11. Ne5 Kh8 12. f4 Ne4 13. Nxe4 fxe4 14. Be3 Nc7 15.
Qc2 Be6 16. b4 Qc8 17. Rf1 a6 18. Rab1 Ne8 19. a4 Nc7 20. Bd2 e3 21. Bxe3 Bxe5
22. dxe5 Bf5 23. Qc3 Bxb1 24. e6+ Kg8 25. f5 Bxf5 26. Bh6 Nxe6 27. g4 Rf7 28.
gxf5 Rxf5 29. Rxf5 gxf5 30. Bh3 d4 31. Qf3 Kh8 32. Bxf5 Qg8+ 33. Kh1 Ng7 34.
Qe4 Nxf5 35. Qxf5 Qd5+ 36. Qxd5 cxd5 37. Bf4 Kg8 38. Be5 Re8 39. Kg2 Kf7 40.
Kf3 Ke6 41. Bxd4 Kf5 42. Bf2 e5 43. Bg3 Rc8 44. Ke3 a5 45. Be1 axb4 46. Bxb4
Rg8 47. a5 Rg4 48. Be1 Rc4 49. c6 Rxc6 50. Kd3 Ra6 51. Ke3 b6 52. axb6 Rxb6 53.
Bg3 Rb3+ 54. Kf2 Ke4 55. Kg2 d4 56. Kf2 Rb2 57. Kf1 Kf5 58. Bf2 Kg4 59. Bg3 e4
60. Be5 Rd2 61. Ke1 e3 62. Kf1 Kh3 63. Bg3 Kg4 64. Be5 h5 65. Ke1 h4 66. Bf6
Kh3 67. Be5 Kg2 68. Bf4 Ra2 69. Kd1 Kf2 70. Be5 Rxe2 71. h3 Rb2 72. Kc1 Rd2 73.
Bf4 Ra2 74. Bg5 Kg3 75. Bf6 e2 0-1